Austrian State Capitals Map Quiz - Statistics

General Stats
  • This quiz has been taken 107 times
    90 since last reset
  • The average score is 7 of 9
Answers on the Map
Answers color-coded by a green-red scale on the quiz's map according to % correct below.
 
Answer Stats
Answer % Correct
Vienna
95%
Salzburg
92%
Innsbruck
88%
Graz
77%
Bregenz
75%
Linz
70%
Eisenstadt
63%
Klagenfurt
60%
St. Pölten
58%
No matching quizzes found
Score Distribution
Percent of People with Each Score
Percentile by Number Answered
Your Score History
You have not taken this quiz since the last reset